| 000 -ლიდერი |
| ფიქსირებული სიგრძის საკონტროლო ველი |
00938nam a2200241Ia 4500 |
| 001 - საკონტროლო ნომერი |
| საკონტროლო ველი |
2144 |
| 003 - საკონტროლო ნომრის იდენტიფიკატორი |
| საკონტროლო ველი |
GE_BSU |
| 005 - ბოლო ოპერაციის თარიღი და დრო |
| საკონტროლო ველი |
20190514191847.0 |
| 008 - ფიქსირებული სიგრძის მონაცემთა ელემენტები - ზოგადი ინფორმაცია |
| ფიქსირებული სიგრძის საკონტროლო ველი |
181216s2011||||ge |||||||||||||| ||geo|| |
| 020 ## - წიგნის საერთაშორისო სტანდარტული ნომერი |
| International Standard Book Number |
9789941148842 |
| 040 ## - კატალოგიზაციის წყარო |
| Transcribing agency |
GE_BSU |
| 041 ## - ენის კოდი |
| Language code of text/sound track or separate title |
geo |
| 080 ## - უნივერსალური ათობითი კლასიფიკაციის ინდექსი |
| Universal Decimal Classification number |
004.42+004.65 ნ–25 |
| 100 ## - მთავარი ჩანაწერი - პიროვნების სახელი |
| Personal name |
ნანობაშვილი, ქ. |
| 9 (RLIN) |
1144 |
| 245 ## - ცნობა სათაურის შესახებ |
| Title |
Web-ტექნოლოგიები (Macromedia dreamweaver) : |
| Remainder of title |
დამხმ. სახელმძღვ. / |
| Statement of responsibility, etc |
ქ. ნანობაშვილი, ვ. ტაკაშვილი, ფ. პაატაშვილი ; სტუ. |
| 300 ## - ფიზიკური აღწერა |
| Extent |
104 გვ. : |
| Other physical details |
ილ., |
| Dimensions |
20 სმ. |
| 653 ## - INDEX TERM--UNCONTROLLED |
| Uncontrolled term |
ინტერნეტი |
| 700 ## - ADDED ENTRY--PERSONAL NAME |
| Personal name |
ტაკაშვილი, ვ. |
| Relator term |
ავტორი |
| 9 (RLIN) |
1149 |
| 700 ## - ADDED ENTRY--PERSONAL NAME |
| Personal name |
პაატაშვილი, ფ. |
| Relator term |
ავტორი |
| 9 (RLIN) |
1150 |
| 710 ## - ADDED ENTRY--CORPORATE NAME |
| Corporate name or jurisdiction name as entry element |
სტუ |
| 9 (RLIN) |
1151 |
| 942 ## - ADDED ENTRY ELEMENTS (KOHA) |
| Koha item type |
წიგნი |
| Source of classification or shelving scheme |
|